Online
Catalog

Finanzas para no financistas / (Record no. 13938)

MARC details
000 -CABECERA
campo de control de longitud fija 00585cam a2200205 a 4500
001 - NÚMERO DE CONTROL
campo de control 000014346
005 - FECHA Y HORA DE LA ÚLTIMA TRANSACCIÓN
campo de control 20240724123526.0
008 - DATOS DE LONGITUD FIJA--INFORMACIÓN GENERAL
campo de control de longitud fija 000720s1999 ck a b 000 0 spa
020 ## - NÚMERO INTERNACIONAL ESTÁNDAR DEL LIBRO
Número Internacional Estándar del Libro 9586831116
040 ## - FUENTE DE LA CATALOGACIÓN
Centro catalogador/agencia de origen DO-SdBNP
Centro/agencia transcriptor DLC
082 ## - NÚMERO DE LA CLASIFICACIÓN DECIMAL DEWEY
Número de clasificación 332
Número de documento/Ítem B224f
049 ## - FONDOS LOCALES (OCLC)
Fondos de biblioteca BNGR
100 1# - ENTRADA PRINCIPAL--NOMBRE DE PERSONA
Nombre de persona Barajas Nova, Alberto.
9 (RLIN) 32382
245 10 - MENCIÓN DE TÍTULO
Título Finanzas para no financistas /
Mención de responsabilidad, etc. Alberto Barajas Nova.
260 ## - PUBLICACIÓN, DISTRIBUCIÓN, ETC.
Lugar de publicación, distribución, etc. Santa fe de Bogotá :
Nombre del editor, distribuidor, etc. CEJA,
Fecha de publicación, distribución, etc. 1999.
300 ## - DESCRIPCIÓN FÍSICA
Extensión 177 p. :
Otras características físicas il., ;
Dimensiones 24 cm.
504 ## - NOTA DE BIBLIOGRAFÍA, ETC.
Nota de bibliografía, etc. Bibliografías: p 177.
650 #0 - PUNTO DE ACCESO ADICIONAL DE MATERIA--TÉRMINO DE MATERIA
Término de materia o nombre geográfico como elemento de entrada Finanzas
9 (RLIN) 641
910 ## - DATOS DE OPCIÓN DEL USUARIO (OCLC)
Datos de opción del usuario Catalogación por copia/LC
Holdings
Estado de retiro Estado de pérdida Restricciones de uso No para préstamo Código de colección Localización permanente Ubicación/localización actual Ubicación en estantería Fecha de adquisición Número de inventario Total de préstamos Signatura topográfica completa Código de barras Fecha visto por última vez Precio válido a partir de Tipo de ítem Koha
    Préstamo interno   Monografías: Libros y Folletos General General En catalogación 09.12.2009 LF1   332 B224f 14346-10 25.06.2020 25.06.2020 Préstamo interno

Powered by Koha